000 00337nam a2200133Ia 4500
008 210210b1970 xxu||||| |||| 00| 0 eng d
082 _aS891.6 HANR
100 _aHANUMANTARAV (Ji).
245 _aRagveda suktagalu.
260 _aMaisuru
_bKavyalaya Prakashakaru
_c1970
300 _a103
690 _aSanskrit Prakirana
906 _a033074
999 _c83958
_d83958